Mana del alma, o, Exercicio facil, y provechoso para quien desea darse de algun modo à la oracion / propuesto por el M. R. P. Pablo Señeri, de la Compañia de Jesus, theologo de la Santidad de Inocencio XII para todos los dias del año ; y traducido de italiano en español por el Doct. Francisco de Rofràn ... Añadese al fin de ella el infierno abierto, discurso postumo del mismo autor

Detalles Bibliográficos
Autor principal: Segneri, Paolo, S. J., 1624-1694
Otros Autores: Rofrán, Francisco, tr, Lasso, Francisco, ed
Formato: Libro
Lenguaje:Spanish
Publicado: Con licencia: En Madrid : por los herederos de Antonio Romàn ; a costa de Francisco Lasso, mercader de libros. Vendese en su casa en la Puerta del Sol, enfrente de San Felipe, 1702.
Materias:
Colección:Banco de datos
Acervo:Universidad Autónoma Benito Juárez de Oaxaca. Biblioteca Francisco de Burgoa. Colección antigua
Descripción Física:4 t. ; 4°
Tema general:Ascética
Notas:Portada tipográfica con monograma de la Sociedad de Jesús y orla en grabado xilográfico. Texto a renglón seguido con paginación en números arábigos, apostillas marginales, reclamos y signaturas. Incluyen cabeceras de título con motivos fantásticos y el escudo central de la Sociedad de Jesús en grabado xilográfico. Incluyen capitulares con motivos florales y fantásticos en grabado xilográfico. Cada tomo con portada y numeración propias. Año de los t. 1-4 publicados en 1702. Paginación: t. 1 [12] h., 383 p.; t. 2 [1] h., 419 p.; t. 3 [2] h., 414 p. Encuadernación en pergamino (10796-10798). Marca de fuego: Casa del Noviciado de la Compañía de Jesús de Oaxaca, Oax. (10796-10798). Marca de fuego: Convento de Santo Domingo de Oaxaca, Oax. (10796-10798). Daños por polilla (10797). Daños en la encuadernación, falta pergamino de la tapa inferior (10796, 10798)
LEADER 02393nam a22002290004500
035 |a 3903 
041 0 |a spa 
100 1 |a Segneri, Paolo, S. J., 1624-1694 
245 1 0 |a Mana del alma, o, Exercicio facil, y provechoso para quien desea darse de algun modo à la oracion / propuesto por el M. R. P. Pablo Señeri, de la Compañia de Jesus, theologo de la Santidad de Inocencio XII para todos los dias del año ; y traducido de italiano en español por el Doct. Francisco de Rofràn ... Añadese al fin de ella el infierno abierto, discurso postumo del mismo autor 
260 |a Con licencia: En Madrid : por los herederos de Antonio Romàn ; a costa de Francisco Lasso, mercader de libros. Vendese en su casa en la Puerta del Sol, enfrente de San Felipe, 1702. 
300 |a 4 t. ; 4° 
500 |a Portada tipográfica con monograma de la Sociedad de Jesús y orla en grabado xilográfico. Texto a renglón seguido con paginación en números arábigos, apostillas marginales, reclamos y signaturas. Incluyen cabeceras de título con motivos fantásticos y el escudo central de la Sociedad de Jesús en grabado xilográfico. Incluyen capitulares con motivos florales y fantásticos en grabado xilográfico. Cada tomo con portada y numeración propias. Año de los t. 1-4 publicados en 1702. Paginación: t. 1 [12] h., 383 p.; t. 2 [1] h., 419 p.; t. 3 [2] h., 414 p. Encuadernación en pergamino (10796-10798). Marca de fuego: Casa del Noviciado de la Compañía de Jesús de Oaxaca, Oax. (10796-10798). Marca de fuego: Convento de Santo Domingo de Oaxaca, Oax. (10796-10798). Daños por polilla (10797). Daños en la encuadernación, falta pergamino de la tapa inferior (10796, 10798)  
504 |a Al principio del t. 2 está la fe de erratas 
504 |a Al final de los t. 2-3 están el índice de contenido, índice de las cosas principales y el índice de los lugares coordinados 
650 1 0 |a Ascética 
700 1 |a Rofrán, Francisco, tr.  
700 1 |a Lasso, Francisco, ed.  
740 0 |a Exercicio facil, y provechoso para quien desea darse de algun modo à la oracion 
852 |a Universidad Autónoma "Benito Juárez" de Oaxaca, Biblioteca Francisco de Burgoa, Colección antigua t. 1 (10796); t. 2 (10797); t. 3 (10798) 
942 |c BURANT 
943 |g Universidad Autónoma Benito Juárez de Oaxaca. Biblioteca Francisco de Burgoa. Colección antigua 
999 |c 1114914  |d 1114914